Las inermitencias de la muerte /

En un país cuyo nombre no será mencionado se produce algo nunca visto desde el principio del mundo: la muerte decide suspender su trabajo letal, la gente deja de morir. La euforia colectiva se desata, pero muy pronto dará paso a la desesperación y al caos. Sobran los motivos. Si es cierto que las pe...

Descripción completa

Guardado en:
Autor Principal: Saramago, José.
Otros Autores: Río, Pilar del; trad.
Formato: Libro
Idioma:Undetermined
Publicado: Madrid : Punto de Lectura, 2006.
Series:Narrativa
Materias:
Etiquetas: Agregar Etiqueta
Sin Etiquetas, Sea el primero en etiquetar este registro!
LEADER 01411nam a22002055a 4500
001 CEM.cems025003
008 251204s2006####sp############000#0#und#d
005 20251204143741.0
245 1 0 |a Las inermitencias de la muerte /  |c José Saramago ; traducción de Pilar del Río. 
260 |a Madrid :  |b Punto de Lectura,  |c 2006. 
300 |a 251 p. 
490 1 |a Narrativa 
500 |a Premio Nobel de Literatura 1998. 
520 |a En un país cuyo nombre no será mencionado se produce algo nunca visto desde el principio del mundo: la muerte decide suspender su trabajo letal, la gente deja de morir. La euforia colectiva se desata, pero muy pronto dará paso a la desesperación y al caos. Sobran los motivos. Si es cierto que las personas ya no mueren, eso no significa que el tiempo haya parado. El destino de los humanos será una vejez eterna. Se buscarán maneras de forzar a la muerte a matar aunque no lo quiera, se corromperán las conciencias en los «acuerdos de caballeros» explícitos o tácitos entre el poder político, las mafias y las familias, los ancianos serán detestados por haberse convertido en estorbos irremovibles. Hasta el día en que la muerte decide volver... 
020 |a 846631895X 
100 1 |a Saramago, José. 
700 1 |a Río, Pilar del; trad. 
653 |a Literatura portuguesa 
653 |a Narrativa portuguesa 
859 |a CEMS  |b BIB. CEMS - 11 de abril  |h 869.34  |i Sa61-2  |p 30530.25  |t Ej.1